Гурон, или Простодушный, (Запись № 5165144)

Подробности
000 -МАРКЕР
контрольное поле 03530nam0a22005411 4500
001 - ИДЕНТИФИКАТОР ЗАПИСИ
контрольное поле v19\rc\2110185
005 - ИДЕНТИФИКАТОР ВЕРСИИ
контрольное поле 20260408083751.0
035 ## - ДРУГИЕ СИСТЕМНЫЕ НОМЕРА
Идентификатор записи (NLR Aleph) 005185872
100 ## - ДАННЫЕ ОБЩЕЙ ОБРАБОТКИ
Данные общей обработки 20090914d1802 |||y0rusy50 ca
101 1# - ЯЗЫК РЕСУРСА
Язык текста, звукозаписи и т.д. русский
Язык оригинала французский
102 ## - СТРАНА ПУБЛИКАЦИИ ИЛИ ПРОИЗВОДСТВА
Страна публикации российская федерация
135 ## - ПОЛЕ КОДИРОВАННЫХ ДАННЫХ: ЭЛЕКТРОННЫЕ РЕСУРСЫ
Кодированные данные для электронного ресурса crcn 024anaba
140 ## - ПОЛЕ КОДИРОВАННЫХ ДАННЫХ: СТАРОПЕЧАТНЫЕ ИЗДАНИЯ - ОБЩАЯ ИНФОРМАЦИЯ
Кодированные данные о старопечатном издании - Основные y y zz eayaa0000
200 1# - ЗАГЛАВИЕ И СВЕДЕНИЯ ОБ ОТВЕТСТВЕННОСТИ
Основное заглавие Гурон, или Простодушный,
Сведения, относящиеся к заглавию истинная повесть,
Первые сведения об ответственности из сочинений г. Волтера.
Последующие сведения об ответственности Перевод с французскаго
210 ## - ПУБЛИКАЦИЯ, РАСПРОСТРАНЕНИЕ И ДР.
Место издания, распространения и т.д. Санктпетербург
Имя издателя, распространителя и т. д. в Императорской типографии
Дата издания, распространения и т.д. 1802
215 ## - ФИЗИЧЕСКАЯ ХАРАКТЕРИСТИКА
Специфическое обозначение материала и объем [2], 165, [1] с.
Размеры 12°
300 ## - ОБЩИЕ ПРИМЕЧАНИЯ
Текст примечания Ценз.: С указнаго дозволения (тит. л.)
300 ## - ОБЩИЕ ПРИМЕЧАНИЯ
Текст примечания Пер. Н.Е. Левицкий
300 ## - ОБЩИЕ ПРИМЕЧАНИЯ
Текст примечания Предыдущее изд. 1789 г. см. СК XVIII 1097. В изд. 1802 г. восстановлено большинство купюр, сделанных в издании 1789 г. по цензурным соображениям
300 ## - ОБЩИЕ ПРИМЕЧАНИЯ
Текст примечания Цена: 1р. 10 к.
300 ## - ОБЩИЕ ПРИМЕЧАНИЯ
Текст примечания На с.[1] 2-го ряда объявл. В.С. Сопикова о продаже соч. Вольтера
300 ## - ОБЩИЕ ПРИМЕЧАНИЯ
Текст примечания Рец.: Моск. Меркурий. - 1803. - Ч.1, №2. - С.156-157
316 ## - ПРИМЕЧАНИЯ ОБ ОСОБЕННОСТЯХ ЭКЗЕМПЛЯРА
Текст примечания Экз. РНБ (137/141) в коричневом марморирован. цельнокожаном пер. Корешок гладкий с блинтовым тиснением. На корешке красная кожаная наклейка с вытисн. загл.: "Гурон". Корешок надорван сверху. Кожа на уголках крышек лопнула. На форзаце и нижней крышке пер. экслибрис рус. фонда ГПБ с шифром. Правая сторона форзаца отсутствует. На тит. л. зачеркнутые неразборчивые рукоп. записи. На обороте тит. л., с.33 и [1] 2-го ряда круглый штамп ГПБ. Размер: 17,0х10,4х1,8 см
Организация и экземпляр, к которому относится поле NLR: 137/141
321 1# - ПРИМЕЧАНИЯ ОБ ОТДЕЛЬНО ИЗДАННЫХ УКАЗАТЕЛЯХ / РЕФЕРАТАХ / ССЫЛКАХ, ОТРАЖАЮЩИХ КАТАЛОГИЗИРУЕМЫЙ ДОКУМЕНТ
Примечания об указателях, рефератах, ссылках СК 1801-1825 1325
325 ## - ПРИМЕЧАНИЕ О КОПИИ
Текст примечания Копия доступна в Электрон. б-ке РНБ
517 1# - ДРУГИЕ ВАРИАНТЫ ЗАГЛАВИЯ
Вариант заглавия Простодушный
620 ## - МЕСТО И ДАТА ПУБЛИКАЦИИ, ИСПОЛНЕНИЯ И Т. Д.
Город Санкт-Петербург
700 #1 - ИМЯ ЛИЦА - ПЕРВИЧНАЯ ОТВЕТСТВЕННОСТЬ
Материалы, к которым относится поле rus
Графика поля Кириллица
Начальный элемент ввода Вольтер
Часть имени, кроме начального элемента ввода Ф. М.
Даты 1694-1778
Расширение инициалов личного имени Франсуа Мари
Идентификатор авторитетной/нормативной записи RU\NLR\AUTH\778316
Системный номер авторитетной/нормативной записи 118227
702 #1 - ИМЯ ЛИЦА - ВТОРИЧНАЯ ОТВЕТСТВЕННОСТЬ
Код отношения Переводчик
Графика поля Кириллица
Материалы, к которым относится поле rus
Начальный элемент ввода Левицкий
Часть имени, кроме начального элемента ввода Н. Е.
Даты 1758-1830
Расширение инициалов личного имени Николай Евстафьевич
Системный номер авторитетной/нормативной записи 164107
Идентификатор авторитетной/нормативной записи RU\NLR\AUTH\770164151
712 02 - НАИМЕНОВАНИЕ ОРГАНИЗАЦИИ - ВТОРИЧНАЯ ОТВЕТСТВЕННОСТЬ
Начальный элемент ввода Императорская типография Вейтбрехта
Идентифицирующий признак Петербург
Идентификатор авторитетной/нормативной записи RU\NLR\AUTH\8810171428
Системный номер авторитетной/нормативной записи 838690
790 #1 - ИМЯ ЛИЦА - АЛЬТЕРНАТИВНАЯ ФОРМА
Связь между полями z01700
Начальный элемент ввода Волтер
801 #0 - ИСТОЧНИК ЗАПИСИ
Страна российская федерация
Организация NLR
Правила каталогизации psbo
801 #1 - ИСТОЧНИК ЗАПИСИ
Страна российская федерация
Организация ProSoft-M
Источник данных rusmarc
801 #2 - ИСТОЧНИК ЗАПИСИ
Страна российская федерация
Организация NLR
Дата составления 20150624
Источник данных rusmarc
852 ## - МЕСТОНАХОЖДЕНИЕ И ШИФР ХРАНЕНИЯ
Идентификатор организации NLR
Шифр хранения (Call Number) 18.258.5.18
852 ## - МЕСТОНАХОЖДЕНИЕ И ШИФР ХРАНЕНИЯ
Идентификатор организации NLR
Шифр хранения (Call Number) 137/141
942 ## - ДОПОЛНИТЕЛЬНЫЕ ЭЛЕМЕНТЫ ЗАПИСИ (АБИС)
Тип экземпляра АБИС Книга
980 ## - КОЛЛЕКЦИЯ
Название коллекции Национальная библиография
980 3# - КОЛЛЕКЦИЯ
Название коллекции КП2020 Первая четверть 19 в.
980 3# - КОЛЛЕКЦИЯ
Название коллекции КП2020 Книжные памятники 2020 г.
980 3# - КОЛЛЕКЦИЯ
Название коллекции Книжные памятники РНБ
981 33 - КОЛЛЕКЦИЯ ЭЛЕКТРОННОЙ БИБЛИОТЕКИ
Название коллекции Художественная литература
Название подколлекции Зарубежная литература
981 20 - КОЛЛЕКЦИЯ ЭЛЕКТРОННОЙ БИБЛИОТЕКИ
Название коллекции Книжные памятники РНБ
Название подколлекции Русский книжный фонд
Экземпляры
Тип экземпляра Дата поступления Библиотека постоянного хранения Библиотека текущего хранения Место хранения Шифр хранения Штрих-код Статус не для выдачи
Книга 26.10.2013 РНБ (Садовая) РНБ (Садовая) Русский книжный фонд -Главное здание, Ленинский читальный зал 18.258.5.18 5185872-10  
Книга 26.10.2013 РНБ (Садовая) РНБ (Садовая) Русский книжный фонд -Главное здание, Ленинский читальный зал 137/141 5185872-20